Fußballer anhand von Bildern erraten #2 - Statistiken

Allgemein
  • Dieses Quiz wurde 719 mal gespielt
  • Das Durchschnittsergebnis liegt bei 17 aus 20
Antwortstatistiken
Bildquiz Antwort % Korrekt
Thomas Müller
97%
Heung-min Son
96%
David Alaba
94%
Marc-Andre ter Stegen
93%
Ilkay Gündogan
92%
Karim Benzema
92%
Sadio Mane
92%
Virgil van Dijk
91%
N‘Golo Kante
87%
Alisson
84%
Kyle Walker
84%
Paulo Dybala
84%
Casemiro
82%
Harry Maguire
81%
Thibaut Courtois
80%
Marco Verratti
77%
Raphael Varane
74%
Daniel Carvajal
73%
Alvaro Morata
71%
Riyad Mahrez
69%
Keine übereinstimmenden Quizze gefunden
Verteilung der Resultate
Anzahl Personen mit jedem Resultat
Perzentil nach korrekt beantworteten Fragen
Ihre Resultats-Entwicklung
Sie haben dieses Quiz noch nicht gespielt